Life-cycle of structures under uncertainty (Record no. 12668)

000 -LEADER
fixed length control field 04641cam a2200577Mi 4500
001 - CONTROL NUMBER
control field 9780429053283
003 - CONTROL NUMBER IDENTIFIER
control field FlBoTFG
005 - DATE AND TIME OF LATEST TRANSACTION
control field 20250103113418.0
006 - FIXED-LENGTH DATA ELEMENTS--ADDITIONAL MATERIAL CHARACTERISTICS
fixed length control field m o d
007 - PHYSICAL DESCRIPTION FIXED FIELD--GENERAL INFORMATION
fixed length control field cr |n|||||||||
008 - FIXED-LENGTH DATA ELEMENTS--GENERAL INFORMATION
fixed length control field 190803s2019 flu ob 001 0 eng d
040 ## - CATALOGING SOURCE
Original cataloging agency OCoLC-P
Language of cataloging eng
Transcribing agency OCoLC-P
020 ## - INTERNATIONAL STANDARD BOOK NUMBER
International Standard Book Number 9780429624940
Qualifying information (electronic bk.)
020 ## - INTERNATIONAL STANDARD BOOK NUMBER
International Standard Book Number 0429624948
Qualifying information (electronic bk.)
020 ## - INTERNATIONAL STANDARD BOOK NUMBER
International Standard Book Number 9780429053283
Qualifying information (electronic bk.)
020 ## - INTERNATIONAL STANDARD BOOK NUMBER
International Standard Book Number 0429053282
Qualifying information (electronic bk.)
020 ## - INTERNATIONAL STANDARD BOOK NUMBER
International Standard Book Number 9780429624063
Qualifying information (electronic bk. : Mobipocket)
020 ## - INTERNATIONAL STANDARD BOOK NUMBER
International Standard Book Number 0429624069
Qualifying information (electronic bk. : Mobipocket)
020 ## - INTERNATIONAL STANDARD BOOK NUMBER
International Standard Book Number 9780429624506
Qualifying information (electronic bk. : EPUB)
020 ## - INTERNATIONAL STANDARD BOOK NUMBER
International Standard Book Number 0429624506
Qualifying information (electronic bk. : EPUB)
020 ## - INTERNATIONAL STANDARD BOOK NUMBER
Canceled/invalid ISBN 9780367147556
020 ## - INTERNATIONAL STANDARD BOOK NUMBER
Canceled/invalid ISBN 0367147556
024 ## - OTHER STANDARD IDENTIFIER
Standard number or code 10.1201/9780429053283
Source of number or code doi
035 ## - SYSTEM CONTROL NUMBER
System control number (OCoLC)1110708369
035 ## - SYSTEM CONTROL NUMBER
System control number (OCoLC-P)1110708369
050 ## - LIBRARY OF CONGRESS CALL NUMBER
Classification number TA418.4
072 ## - SUBJECT CATEGORY CODE
Subject category code MAT
Subject category code subdivision 029000
Source bisacsh
072 ## - SUBJECT CATEGORY CODE
Subject category code SCI
Subject category code subdivision 086000
Source bisacsh
072 ## - SUBJECT CATEGORY CODE
Subject category code TEC
Subject category code subdivision 009000
Source bisacsh
072 ## - SUBJECT CATEGORY CODE
Subject category code TN
Source bicssc
082 ## - DEWEY DECIMAL CLASSIFICATION NUMBER
Classification number 620.1/126
Edition number 23
100 ## - MAIN ENTRY--PERSONAL NAME
Personal name Frangopol, Dan M.,
Relator term author.
245 ## - TITLE STATEMENT
Title Life-cycle of structures under uncertainty
Medium [electronic resource] :
Remainder of title emphasis on fatigue-sensitive civil and marine structures /
Statement of responsibility, etc. Dan M. Frangopol (Department of Civil and Environmental Engineering, ATLSS Engineering Research Center, Lehigh University, Bethlehem, Pennsylvania, USA), Sunyong Kim (Department of Civil and Environmental Engineering, Wonkwang University, Jeonbuk, Republic of Korea).
260 ## - PUBLICATION, DISTRIBUTION, ETC.
Place of publication, distribution, etc. Boca Raton, FL :
Name of publisher, distributor, etc. CRC Press,
Date of publication, distribution, etc. 2019.
300 ## - PHYSICAL DESCRIPTION
Extent 1 online resource
336 ## - CONTENT TYPE
Content type term text
Source rdacontent
336 ## - CONTENT TYPE
Content type term still image
Source rdacontent
337 ## - MEDIA TYPE
Media type term computer
Source rdamedia
338 ## - CARRIER TYPE
Carrier type term online resource
Source rdacarrier
520 ## - SUMMARY, ETC.
Summary, etc. Life-cycle analysis is a systemic tool for efficient and effective service life management of deteriorating structures. In the last few decades, theoretical and practical approaches for life-cycle performance and cost analysis have been developed extensively due to increased demand on structural safety and service life extension. This book presents the state-of-the-art in life-cycle analysis and maintenance optimization for fatigue-sensitive structures. Both theoretical background and practical applications have been provided for academics, engineers and researchers. Concepts and approaches of life-cycle performance and cost analysis developed in recent decades are presented. The major topics covered include (a) probabilistic concepts of life-cycle performance and cost analysis, (b) inspection, monitoring and maintenance for fatigue cracks, (c) estimation of fatigue crack detection, (d) optimum inspection and monitoring planning, (e) multi-objective life-cycle optimization, and (f) decision making in life-cycle analysis. Life-cycle optimization covered in the book considers probability of fatigue crack detection, fatigue crack damage detection time, maintenance times, probability of failure, service life and total life-cycle cost. For the practical application and integration of recently developed approaches for inspection and maintenance planning, efficient and effective multi-objective optimization and decision making are presented. This book will help engineers engaged in civil and marine structures including students, researchers and practitioners with reliable and cost-effective maintenance planning of fatigue-sensitive structures, and to develop more advanced approaches and techniques in the field of life-cycle maintenance optimization and safety of structures under various aging and deteriorating conditions. Key Features: Provides the state-of-the-art in life-cycle cost analysis and optimization for fatigue-sensitive structures Provides a solid foundation of theoretical backgrounds and practical applications both for academics and practicing engineers and researchers Covers illustrative examples and recent development for optimum service life management Deals with various structures such as bridges and ships subjected to fatigue .
588 ## - SOURCE OF DESCRIPTION NOTE
Source of description note OCLC-licensed vendor bibliographic record.
650 ## - SUBJECT ADDED ENTRY--TOPICAL TERM
Topical term or geographic name entry element Mechanical wear.
650 ## - SUBJECT ADDED ENTRY--TOPICAL TERM
Topical term or geographic name entry element Materials
General subdivision Fatigue.
650 ## - SUBJECT ADDED ENTRY--TOPICAL TERM
Topical term or geographic name entry element Metals
General subdivision Fatigue.
650 ## - SUBJECT ADDED ENTRY--TOPICAL TERM
Topical term or geographic name entry element MATHEMATICS / Probability & Statistics / General
Source of heading or term bisacsh
650 ## - SUBJECT ADDED ENTRY--TOPICAL TERM
Topical term or geographic name entry element SCIENCE / Life Sciences / General
Source of heading or term bisacsh
650 ## - SUBJECT ADDED ENTRY--TOPICAL TERM
Topical term or geographic name entry element TECHNOLOGY / Engineering / General
Source of heading or term bisacsh
700 ## - ADDED ENTRY--PERSONAL NAME
Personal name Kim, Sunyong,
Dates associated with a name 1976-
Relator term author.
856 ## - ELECTRONIC LOCATION AND ACCESS
Materials specified Taylor & Francis
Uniform Resource Identifier <a href="https://www.taylorfrancis.com/books/9780429053283">https://www.taylorfrancis.com/books/9780429053283</a>
856 ## - ELECTRONIC LOCATION AND ACCESS
Materials specified OCLC metadata license agreement
Uniform Resource Identifier <a href="http://www.oclc.org/content/dam/oclc/forms/terms/vbrl-201703.pdf">http://www.oclc.org/content/dam/oclc/forms/terms/vbrl-201703.pdf</a>
Holdings
Withdrawn status Lost status Damaged status Not for loan Permanent Location Current Location Date acquired Date last seen Price effective from Koha item type
        IMU-MPC Library IMU-MPC Library 2025-01-03 2025-01-03 2025-01-03 E-Book
Copyright © 2021 Indian Maritime University, Mumbai Port Campus. All Rights Reserved. Managed & Maintained by Central Library, IMU-Mumbai

webs counters

Powered by Koha